| 000 | 00880cab a2200253 4500 | ||
|---|---|---|---|
| 001 | WB2819-45 | ||
| 008 | 090401t1992 xxu||||| |||| 00| 0 eng d | ||
| 035 | _a(Sirsi) u7316 | ||
| 041 | _aeng | ||
| 245 | _aHouse warranty scheme crisis | ||
| 260 | _c1992 | ||
| 350 | _a0 | ||
| 490 |
_aBuilding _v257(7745) 15 May 1992, 12(1) |
||
| 520 | _aThe future of the new homes warranty scheme run by Municipal Mutual Insurance is in question after the company has been hit by financial difficulties. The insurer underwrites the Foundation 15 warranty scheme that offers housebuilders protection against structural defects. | ||
| 650 | _aFOUNDATION 15 | ||
| 650 | _aHOUSE BUILDING | ||
| 650 | _aMUNICIPAL MUTUAL INSURANCE | ||
| 650 | _aNEW HOUSES | ||
| 650 | _aSTRUCTURAL WARRANTIES | ||
| 650 | _aWARRANTIES | ||
| 690 |
_aInsurance _96249 |
||
| 942 | _n0 | ||
| 948 | _c04/03/1997 | ||
| 999 |
_c4406 _d4406 |
||